000 00618nam a2200193 i 4500
001 36489
003 ES-MaACL
005 20230906155400.0
007 t|
008 030218s1977 xxu ||||1| eng d
100 1 _aBrandford, Kester Adrian.
_931342
245 1 2 _aA study of Jean-Jacques Bernard's
_b: thèâtre de l'inexprimé /
_cby Kester Adrian Branford.
260 _aMississippi :
_bUniversity of Mississippi,
_c1977.
300 _a245 p. ;
_c23 cm.
490 1 _aRomance monographs ;
_v24
830 0 _aRomance monographs ;
_v24
_9181646
852 _aES-MaACL
_jA-7569
_bR.96237
999 _c36489
_d36489